000 00667nam a2200277Ia 4500
005 20260324125949.0
008 008 260324s9999 xx 000 0 eng d
020 _a9781315221991
037 _aEBOOK
040 _aCRL
040 _beng
040 _cCRL
041 _2eng
041 _aeng
084 _qCRL
100 _aJames A. Momoh
_91158231
245 0 _aElectric Power Distribution, Automation, Protection, and Control
260 _bTaylor and Francis
260 _c2008
365 _a
365 _b340
856 _uhttp://www.taylorfrancis.com/books/9781315221991
942 _cEBOOK
999 _c1775711
_d1775711